La central de Trabajadores Costarricenses, C.T.C. /

Salvato in:
Dettagli Bibliografici
Autore principale: Barrientos A, Rafael Angel
Altri autori: Carmona H, Daniel, González S, Pedro, Solano M, Guillermo A.
Natura: testo
Pubblicazione: San Pedro :
Tags: Aggiungi Tag
Nessun Tag, puoi essere il primo ad aggiungerne!!

MARC

LEADER 00000 a a2200000 04500
001 17919
003
040 |a CRAI/IIS  |c CRAI/IIS 
090 |a 006000  
100 |a Barrientos A, Rafael Angel  
245 |a La central de Trabajadores Costarricenses, C.T.C. /  |c Rafael Angel Barrientos A 
260 |a San Pedro :  
300 |a 39 p.  
700 |a Carmona H, Daniel  
700 |a González S, Pedro  
700 |a Solano M, Guillermo A.  
999 |c 6998  |d 6998